Environmental management within construction sites /
Saved in:
| 主要作者: | |
|---|---|
| 格式: | Thesis 图书 |
| 语言: | English |
| 出版: |
2015.
|
| 主题: | |
| 标签: |
添加标签
没有标签, 成为第一个标记此记录!
|
| LEADER | 01314cam a2200325 i 4500 | ||
|---|---|---|---|
| 001 | u1020973 | ||
| 003 | SIRSI | ||
| 005 | 201509081047 | ||
| 008 | 150908s2015 my a m 000 0 eng | ||
| 040 | |a UMM |d UMJ |e rda | ||
| 090 | |a TD7 |b UM 2015 Nurr | ||
| 097 | |a TD7 |b UM 2015 Nurr | ||
| 100 | 0 | |a Nurafiqah Rusaini, |e author. | |
| 245 | 1 | 0 | |a Environmental management within construction sites / |c Nurafiqah Rusaini. |
| 264 | 1 | |c 2015. | |
| 264 | 4 | |c 2015. | |
| 300 | |a iv, 49 leaves : |b illustrations ; |c 30 cm. | ||
| 336 | |a text |2 rdacontent | ||
| 337 | |a unmediated |2 rdamedia | ||
| 338 | |a volume |2 rdacarrier | ||
| 502 | |b M.Eng. |c Jabatan Kejuruteraan Kimia, Fakulti Kejuruteraan, Universiti Malaya |d 2015. | ||
| 504 | |a Bibliography: leaves 53-48. | ||
| 530 | |a Issued also in CD. | ||
| 650 | 0 | |a Construction industry |x Environmental aspects. | |
| 710 | 2 | |a Universiti Malaya. |b Jabatan Kejuruteraan Kimia, |e degree granting institution. | |
| 900 | |a NSR-AMA | ||
| 596 | |a 1 7 | ||
| 999 | |a TD7 UM 2015 NURR |w LC |c 1 |i A516362876 |d 30/6/2016 |f 30/6/2016 |g 1 |l STACKS |m P07JURUTER |r N |s Y |t TESIS |u 30/6/2016 |1 STEM | ||
| 999 | |a TD7 UM 2015 NURR |w LC |c 2 |i A516367414 |d 30/6/2016 |f 30/6/2016 |g 1 |l COUNTER |m P07JURUTER |r N |s Y |t CD |u 30/6/2016 |1 STEM | ||
| 999 | |a TD7 UM 2015 NURR |w LC |c 1 |i A516230019 |l STACKS |m P01UTAMA |r Y |s Y |t TESIS |u 8/9/2016 |1 AHSS | ||
